01242nam a2200349 u 450000100070000000500170000700800410002403500110006504000130007604100080008908000080009708200080010510000440011324500910015726000430024830000180029150000610030950000910037065000330046165000330049465000260052765000240055365000490057765000280062665000360065470000440069070000470073470000520078170000390083350200120087252600080088488795720260506152528.0040831s2004 ||||||m| spa  a887957 ccomduadb aspa aEFP 4a33810aMartínez Arboleda, Mauricio4auteaut10aEstudio financiero y análisis de riesgo comercializadora de artesanías colombianas aMedellín :b[sin publicador],c2004. a109 páginas aNo tiene resumen, todo el contenido son tablas en Excel. aLocalización: Centro de Documentación CENDOI, 20 -146. Clasificación: EFP 00412. 7aArtesaníaszColombia2lemb 7aAnálisis económico2lemb aViabilidad financiera aIndustria artesanal aComercializadora de Artesanías Colombianas aEvaluación financiera 7aEvaluación de riesgos2armarc10aLópez Tovar, Astrid Liliana4auteaut10aRojas Londoño, Gabriel Ignacio4thseths10aBustamante Álzate, Guillermo León4thseths10aVillegas Mejía, Silvio4thseths b189c17 a191